| 000 | 00699nam a22002177a 4500 | ||
|---|---|---|---|
| 003 | OSt | ||
| 005 | 20240620030819.0 | ||
| 008 | 240620b |||||||| |||| 00| 0 eng d | ||
| 020 | _a10987654321 | ||
| 040 |
_aDWCL-Main Lib. _cOC |
||
| 082 | _a 371.40973 S877s 2004 | ||
| 100 | _aStone, Carolyn B. | ||
| 245 |
_aSchool counselor accountability : a measure of student success / _cCarolyn B. Stone |
||
| 260 |
_a New Jersey : _bPearson education, _cc2004. |
||
| 300 |
_aviii, 120 pages : _billustrations ; _c 28cm. |
||
| 504 | _aIndex appendix | ||
| 650 | _a1. Education- standard- united states | ||
| 650 | _a 2. educational change | ||
| 700 | _aCarol A. Dahir | ||
| 942 |
_2ddc _cBK-CIRC _kCirc. _n1 |
||
| 999 |
_c965 _d965 |
||